| 000 | 00630nam a22002177a 4500 | ||
|---|---|---|---|
| 999 |
_c17986 _d17986 |
||
| 003 | AR-CdUCM | ||
| 008 | 190511b ||||| |||| 00| 0 spa d | ||
| 040 |
_aMUNICIPALIDAD PROVINCIAL DEL CUSCO _cBIBLIOTECA MUNICIPAL DEL CUSCO |
||
| 082 |
_a808.84 / _bS73 |
||
| 100 |
_aSoyinka, Wole _938290 |
||
| 245 | _aLos interpretes / | ||
| 260 |
_aArgentina : _bEmece, _c1987. |
||
| 300 |
_a281 páginas ; _c23 cm. |
||
| 440 |
_aLiteratura universal _938291 |
||
| 505 | _aContenido : Novela. | ||
| 650 |
_aLiteratura universal _9611 |
||
| 650 |
_aNovela _95 |
||
| 700 |
_aSantos, Domingo _938292 |
||
| 942 |
_2ddc _cLIBROS |
||
| 945 | _arcc | ||